| 000 | 01365nam a2200253 a 4500 | ||
|---|---|---|---|
| 001 | 000016285 | ||
| 005 | 20251113124908.0 | ||
| 008 | 100303s1997 dr a 001 0 spa d | ||
| 040 |
_aDO-SdBNP _bspa _cBNPHU |
||
| 082 |
_a370.115 _bS471e |
||
| 111 | 2 |
_aSeminario de Educación y Sociedad _n(2º : _d1996: sept. 6-7, _cSanto Domingo, República Dominicana) _936361 |
|
| 245 | 1 | 0 | _aEducación, ciudadanía y derechos humanos. |
| 260 |
_aSanto Domingo : _bCentro Cultural Proveda _bProyecto para el Apoyo a Iniciativas Democráticas, _c1997. |
||
| 300 |
_a244 p. ; _c21 cm. |
||
| 500 | _aIncluye bibliografía y notas al pie de páginas. | ||
| 505 | 0 |
_gA manera de presentación -- _tEducación, ciudadanía y derechos humanos -- _tLa educación para los derechos humanos, su transversalidad e incorporación de los proyectos educativos -- _tDerechos humanos, democracia y desarrollo hacia un documento de agenda -- _tInforme sobre el desarrollo del seminario -- _gDebates -- _gApéndice. |
|
| 590 | _aInventariado, 2018/LP | ||
| 650 | 4 |
_aEducación para los derechos humanos _vCONGRESOS, CONFERENCIAS, ETC. _96368 |
|
| 650 | 0 |
_aCiudadanía _96372 |
|
| 650 | 4 |
_aEducación _vCONGRESOS, CONFERENCIAS, ETC. _936362 |
|
| 650 | 4 |
_aDerechos humanos _vCONGRESOS, CONFERENCIAS, ETC. _936363 |
|
| 710 | 2 | 2 |
_aCentro Cultural Poveda. _96374 |
| 910 | _aValidado. Control de calidad EMS | ||
| 999 |
_c15820 _d15820 |
||